| 000 | 00654nam a22001817a 4500 | ||
|---|---|---|---|
| 003 | OSt | ||
| 005 | 20240902142341.0 | ||
| 008 | 240902b ||||| |||| 00| 0 eng d | ||
| 040 | _cAIMIT LIBRARY | ||
| 100 |
_aMary, Jincy. _e2216077 _9178468 |
||
| 245 |
_aImpact of HR strategies on employee productivity at kiocl ltd Mangalore / _cBy Jincy Mary ; Guided by Annette Sonia Maben. |
||
| 260 |
_aMangaluru ; _c2024. |
||
| 650 |
_aIndustry profile company profile and introduction to study _9178469 |
||
| 650 |
_aData analysis and interpretation _9178470 |
||
| 700 |
_aMaben, Annette Sonia. _e2216077 _9178471 |
||
| 856 | _3KIOCL limited | ||
| 942 |
_2ddc _cPRO |
||
| 999 |
_c231702 _d231702 |
||